The Corinthian correspondence. (Record no. 5761)

000 -LEADER
fixed length control field 00664nam a2200205 a 4500
001 - CONTROL NUMBER
control field :::00003503$&:&@@
003 - CONTROL NUMBER IDENTIFIER
control field OkBaRHE
005 - DATE AND TIME OF LATEST TRANSACTION
control field 20000607103306.0
008 - FIXED-LENGTH DATA ELEMENTS--GENERAL INFORMATION
fixed length control field s1976 j 000 0 eng u
020 ## - INTERNATIONAL STANDARD BOOK NUMBER
International Standard Book Number 0882438921
040 ## - CATALOGING SOURCE
Transcribing agency
100 1# - MAIN ENTRY--PERSONAL NAME
Personal name Spittler, Russell P.
245 14 - TITLE STATEMENT
Title The Corinthian correspondence.
260 ## - PUBLICATION, DISTRIBUTION, ETC. (IMPRINT)
Place of publication, distribution, etc Springfield, MO., :
Name of publisher, distributor, etc Gospel Publishing House
Date of publication, distribution, etc c1976
300 ## - PHYSICAL DESCRIPTION
Extent 125 p. : map ;
Dimensions 18 cm.
490 0# - SERIES STATEMENT
Series statement Radiant books.
650 ## - SUBJECT ADDED ENTRY--TOPICAL TERM
Topical term or geographic name as entry element Bible New Testament Corinthians
General subdivision Criticism, Interpretation, etc.
942 ## - ADDED ENTRY ELEMENTS (KOHA)
Source of classification or shelving scheme
Koha item type Books
Copies
Permanent Location Damaged status Withdrawn status Barcode Date last seen Price effective from Koha item type Full call number Shelving location Source of classification or shelving scheme Copy number Lost status Not for loan Date acquired
RHEMA Bible Training College  35032018-03-282010-04-14BooksBS 2675.2 .S67General Stacks 1  2010-04-14